Les avions de l'Armée de l'Air & de l'Espace - Statistiques

Statistiques générales
  • Ce quiz a été pris 133 fois
  • Le résultat moyen est 16 sur 36
Statistiques - réponses
Par images Réponse % Correct
A400M
88%
AlphaJet
73%
Mirage 2000D
70%
Mirage 2000C
67%
A330
66%
C130 Hercules
64%
Rafale B
63%
Mirage IV
61%
Rafale C
60%
Mirage III
59%
SA330 Puma
59%
Fouga Magister
56%
EC725 Caracal
54%
Mirage F1
53%
Jaguar
50%
A330MRTT
49%
Mirage 2000-5
48%
Mirage 2000N
48%
C135FR
44%
C160 Transall
42%
Ouragan
41%
PC21
41%
Casa CN235
37%
KC135RG
35%
Mystère IV
34%
Falcon 7X
33%
AS555 Fennec
32%
E3F Sentry
27%
EMB121 Xingu
25%
Falcon 2000
19%
TBM700
19%
Extra 330
16%
Noratlas
14%
Falcon 900
13%
ALSR Vador
5%
DHC6
2%
Aucun quiz correspondant
Distribution des résultats
% des personnes avec chaque résultat
Percentile par nombre de réponses
Votre historique - résultats
Vous n’avez pas pris ce quiz